Between bourgeoisie and Natural Science The Danzig Research Society as Model for the Berlin Society of Friends of Natural History
| Titel: | Between bourgeoisie and Natural Science The Danzig Research Society as Model for the Berlin Society of Friends of Natural History |
|---|---|
| Verfasser: | |
| In: |
Notions of the self, (2012), Seite 161-172 alle Artikel anzeigen |
| Veröffentlicht: | 2012 |
| Format: | Aufsatz |
| Sprache: | Englisch |
X
alg: 39249639
001A $01999:11-11-16
001B $01999:17-05-21 $t20:33:09.000
001D $01999:11-11-16
001U $0utf8
001X $00
002@ $0Aox
003@ $0392496399
007A $0392496399 $aHEB
007T $0Herdc0097946m
010@ $aeng
011@ $a2012
021A $aBetween bourgeoisie and Natural Science The Danzig Research Society as Model for the Berlin Society of Friends of Natural History
028A $BVerfasser $4aut $71146914733 $8Pufelska, Agnieszka$Z1973- [Tp3] $9423025589
031A $h161-172 $j2012
039B $aIn $8--Aau--. Notions of the self. - Zielona Góra {[u.a.] : Uniw. Zielonogórski {[u.a.], 2012. - 197 S.. - Ill.. - ISBN 978-83-7842-018-7 $x201200000000000839 $9313453519
045F $a307.09438 $eDDC23BSB
045F/01 $a307.09
045F/03 $g438
045F/03 $g4382
045F/03 $g43832
lok: 39249639 78
exp: 39249639 78 1 #EPN
201B/01 $026-11-17 $t23:16:00.000
201U/01 $0utf8
203@/01 $0788594249
208@/01 $a11-11-16 $be
209A/01 $a/ $f000 $x00
220C/01 $aTitelaufnehmer: pg
220C/01 $aHerkunft: HI Marburg
220C/01 $aAnmerkung: *NG
244Z/01 $2Trx $#Prusy Wschodnie i Zachodnie $8--Trx--Ost- und Westpreußen $x01 $939113373X
244Z/01 $2Trx $#Poola $#Lenkija $#Polija $#Polen Land $#Poland $#Lengyelország $#Poľsko $#Polsko $8--Trx--Polska$gkraj $x02 $9391345966
244Z/01 $#Danzig $#Ville Libre de Danzig $#Dantzig $#Ville Libre de Dantzig $#Freistaat Danzig $#Gdańsk $#Freie Stadt Danzig $#Urząd Miejski w Gdańsku $#Gyddanzyc $#Gedanum $#Dantiscum $74011039-4 $8--Tg1--Danzig $x03 $9085022225
244Z/01 $2Trx $#ühingud, teaduslikud $#mokslo draugijos $#Associations, scholarly $#társaságok, tudományos $#towarzystwa naukowe $#spoločnosti vedecké $#společnosti vědecké $#Vereine, wissenschaftliche $8--Trx--Gesellschaften, wissenschaftliche $x04 $9391359738
244Z/01 $2Trx $#looduteadused $#gamtos mokslai $#Natural sciences $#természettudományok $#nauki przyrodnicze $#vedy, prírodné $#vědy přírodní $8--Trx--Naturwissenschaften $x05 $9391356399
244Z/01 $2Trx $8--Trx--Einzelbeiträge $x06 $9391384570
245Z/01 $a13.03 $x01
245Z/01 $a11.05 $x02
247C/01 $82080>Marburg/Lahn, Herder-Institut, Forschungsbibliothek, Bibliographieportal $9336309341
| LEADER | 00000caa a22000002c 4500 | ||
|---|---|---|---|
| 001 | 392496399 | ||
| 003 | DE-603 | ||
| 005 | 20210517203309.0 | ||
| 007 | tu | ||
| 008 | 161111s2012 xx |||| | u00||u|eng c | ||
| 035 | |a (DE-599)HEB392496399 | ||
| 040 | |a DE-603 |b ger |c DE-603 |d DE-603 | ||
| 041 | |a eng | ||
| 082 | 0 | 4 | |8 1\u |a 307.09438 |q DE-101 |2 23/BSB |
| 085 | |8 1\u |b 307.09 | ||
| 085 | |8 1\u |z 2 |s 438 | ||
| 085 | |8 1\u |z 2 |s 4382 | ||
| 085 | |8 1\u |z 2 |s 43832 | ||
| 100 | 1 | |a Pufelska, Agnieszka |d 1973- |e Verfasser |4 aut |0 (DE-603)423025589 |0 (DE-588)1146914733 |2 gnd | |
| 245 | 0 | 0 | |a Between bourgeoisie and Natural Science The Danzig Research Society as Model for the Berlin Society of Friends of Natural History |
| 264 | 0 | |c 2012 | |
| 773 | 0 | 8 | |i In |t Notions of the self |d Zielona Góra [u.a.] : Uniw. Zielonogórski [u.a.], 2012 |h 197 S., Ill. |z 9788378420187 |g (2012), Seite 161-172 |w (DE-603)313453519 |
| 924 | 0 | |9 2080 |a (DE-603)788594249 |b DE-2080 |c HES |d d |g / | |


